01573cam a22003251 4500001002300000003000700023005001700030007000700047008004100054035002100095856009600116856010000212010001700312035001800329040003500347042001200382050002100394082001300415110002300428245031800451250001400769260002200783300003100805504003100836650005000867942000700917506015000924506015401074999001901228unitedstatesmone00amerCaSfIA20210119105112.0cr||||731023s1958 nyua b 100 0 eng  9(DLC) 5900661441uhttp://www.archive.org/details/unitedstatesmone00amerzFree eBook from the Internet Archive42uhttp://www.openlibrary.org/books/OL6269893MzAdditional information and access via Open Library a 59006614  a(OCoLC)721988 aDLCcODaWUdOCoLCdDLCdCaSfIA apremarc00aHG538b.A56 1958 a332.49732 aAmerican Assembly.10aUnited States monetary policy:h[electronic resource] bits contribution to prosperity without inflation; background papers prepared for the use of participants, and the Final report of the Fourteenth American Assembly, Arden House, Harriman Campus of Columbia University, Harriman, New York, October 16-19, 1958. aFinal ed. a[New York]c1958. aix, 231 p.billus.c24 cm. aBibliographical footnotes. 0aCurrency questionzUnited StatesvCongresses. cEB fНеобхідна авторизація на https://archive.org/ (створення облікового запису безкоштовно) fНеобхідна авторизація на https://openlibrary.org/ (створення облікового запису безкоштовно) c561145d561145